[Event "CZE-chT2F 2223"]
[Site "Czech Republic"]
[Date "2022.12.18"]
[Round "5"]
[White "Chrostek, Lukas"]
[Black "Beran, Petr"]
[Result "0-1"]
[WhiteElo "1859"]
[BlackElo "2012"]
[PlyCount "90"]
[EventDate "2022.10.16"]
[EventType "team-tourn"]
[EventRounds "11"]
[EventCountry "CZE"]
[SourceTitle "EXT 2024"]
[Source "ChessBase"]
[SourceDate "2023.10.10"]
[SourceVersion "1"]
[SourceVersionDate "2023.10.10"]
[SourceQuality "1"]
[WhiteTeam "Ostrava II"]
[BlackTeam "Havirov Slovan"]
[WhiteTeamCountry "CZE"]
[BlackTeamCountry "CZE"]

1. c4 c5 2. g3 g6 3. Bg2 Bg7 4. Nc3 Nc6 5. Nf3 Nf6 6. 0-0 d5 7. Nxd5 Nxd5 8. cxd5 Qxd5 9. d3 0-0 10. Ng5 Qd7 11. Ne4 b6 12. Qa4 Nd4 13. Qd1 Bb7 14. Bf4 Bd5 15. Qd2 Qb7 16. f3 Rfd8 17. Nc3 Bc6 18. Bh6 Bh8 19. g4 c4 20. e3 Nxf3+ 21. Bxf3 Bxf3 22. Qf2 Bd5 23. d4 f6 24. h4 Bg7 25. Bxg7 Kxg7 26. Qf4 Qb8 27. Rac1 Qxf4 28. Rxf4 Rac8 29. e4 Be6 30. e5 fxe5 31. dxe5 h6 32. Nb5 Rd2 33. Nd4 Bd5 34. Rc2 Rxc2 35. Nxc2 c3 36. bxc3 Rxc3 37. Nb4 Be6 38. Kf2 a5 39. Na6 Bxa2 40. g5 hxg5 41. hxg5 Be6 42. Rd4 b5 43. Rd8 b4 44. Re8 Kf7 45. Rb8 b3 0-1

[Event "Moravia-Silesia Region-chT 2223"]
[Site "Czech Republic"]
[Date "2022.10.09"]
[Round "1"]
[White "Raiman, Tom"]
[Black "Chrostek, Lukas"]
[Result "0-1"]
[WhiteElo "1834"]
[BlackElo "1846"]
[PlyCount "78"]
[EventDate "2022.10.09"]
[EventType "team-tourn"]
[EventRounds "11"]
[EventCountry "CZE"]
[SourceTitle "EXT 2024"]
[Source "ChessBase"]
[SourceDate "2023.10.10"]
[SourceVersion "1"]
[SourceVersionDate "2023.10.10"]
[SourceQuality "1"]
[WhiteTeam "Opava Slezan"]
[BlackTeam "Ostrava III"]
[WhiteTeamCountry "CZE"]
[BlackTeamCountry "CZE"]

1. e4 e5 2. Nf3 Nc6 3. Bb5 a6 4. Ba4 Nf6 5. 0-0 b5 6. Bb3 Be7 7. d4 d6 8. c3 0-0 9. Re1 Bg4 10. Be3 d5 11. exd5 Nxd5 12. dxe5 Nxe3 13. Qxd8 Raxd8 14. Rxe3 Na5 15. Nbd2 Bg5 16. Re4 Bf5 17. Rd4 Bh6 18. Rd1 c5 19. Rxd8 Rxd8 20. Nf1 Rxd1 21. Bxd1 Bc1 22. b3 Bb2 23. Ne3 Bb1 24. b4 cxb4 25. cxb4 Nc6 26. a4 bxa4 27. Bxa4 Nxb4 28. Nc4 Bc3 29. Ng5 Ba2 30. Ne4 Bd4 31. Ned6 Nd3 32. Be8 Nxe5 33. Na5 Nd3 34. Bc6 Nxf2 35. Nf5 Bb6 36. Bb7 Ng4+ 37. Kh1 Bxa5 38. Bxa6 Kf8 39. Bd3 Nf2+ 0-1

[Event "CZE-chT2F 1920"]
[Site "Czech Republic"]
[Date "2019.12.01"]
[Round "4.8"]
[White "Zednik, Josef"]
[Black "Chrostek, Lukas"]
[Result "1/2-1/2"]
[WhiteElo "2122"]
[BlackElo "1919"]
[PlyCount "60"]
[EventDate "2019.10.13"]
[EventType "team-tourn"]
[EventRounds "11"]
[EventCountry "CZE"]
[SourceTitle "EXT 2024"]
[Source "ChessBase"]
[SourceDate "2023.10.10"]
[SourceVersion "1"]
[SourceVersionDate "2023.10.10"]
[SourceQuality "1"]
[WhiteTeam "Grygov Proclient"]
[BlackTeam "Ostrava TJ Nova Hut II"]
[WhiteTeamCountry "CZE"]
[BlackTeamCountry "CZE"]

1. d4 d5 2. c4 e5 3. dxe5 d4 4. a3 Be6 5. e3 Nc6 6. Nf3 dxe3 7. Qxd8+ Rxd8 8. Bxe3 Nge7 9. Nc3 Ng6 10. Nb5 Rd7 11. Nfd4 Nxd4 12. Nxd4 Nxe5 13. Nxe6 fxe6 14. Bf4 Ng6 15. Bg3 Bc5 16. Be2 0-0 17. Bg4 Kh8 18. 0-0 Rd2 19. b4 Bd4 20. Rad1 Rxd1 21. Rxd1 e5 22. c5 Nf4 23. Bf3 c6 24. Rd2 h6 25. Kf1 g5 26. h4 Kg7 27. hxg5 hxg5 28. Bg4 Rh8 29. Kg1 Kf6 30. Rc2 Nd3 1/2-1/2

[Event "CZE-chT2F 1920"]
[Site "Czech Republic"]
[Date "2019.11.17"]
[Round "3.8"]
[White "Chrostek, Lukas"]
[Black "Fialka, Adam"]
[Result "1-0"]
[WhiteElo "1911"]
[BlackElo "1860"]
[PlyCount "45"]
[EventDate "2019.10.13"]
[EventType "team-tourn"]
[EventRounds "11"]
[EventCountry "CZE"]
[SourceTitle "EXT 2024"]
[Source "ChessBase"]
[SourceDate "2023.10.10"]
[SourceVersion "1"]
[SourceVersionDate "2023.10.10"]
[SourceQuality "1"]
[WhiteTeam "Ostrava TJ Nova Hut II"]
[BlackTeam "Orlova Slavia II"]
[WhiteTeamCountry "CZE"]
[BlackTeamCountry "CZE"]

1. c4 e5 2. g3 d5 3. cxd5 Qxd5 4. Nf3 Nc6 5. Nc3 Qa5 6. d3 Be6 7. Bg2 Nf6 8. Bd2 Qa6 9. Ng5 Bc5 10. Nxe6 fxe6 11. 0-0 0-0 12. Rc1 Ng4 13. e3 Nf6 14. Qb3 Qxd3 15. Qxe6+ Kh8 16. Rfd1 Rae8 17. Qb3 Ng4 18. Be1 Qa6 19. Nd5 Na5 20. Qa4 Nxf2 21. Bxf2 Qe2 22. Qc2 Rxf2 23. Qxe2 1-0

[Event "Ostrava Konik op"]
[Site "Ostrava"]
[Date "2014.05.04"]
[Round "9"]
[White "Lipovsky, Tomas"]
[Black "Chrostek, Lukas"]
[Result "1/2-1/2"]
[WhiteElo "2011"]
[BlackElo "1769"]
[PlyCount "79"]
[EventDate "2014.04.26"]
[EventType "swiss"]
[EventRounds "9"]
[EventCountry "CZE"]
[SourceTitle "CBM 160 Extra"]
[Source "ChessBase"]
[SourceDate "2014.07.01"]
[SourceVersion "1"]
[SourceVersionDate "2014.07.01"]
[SourceQuality "1"]

1. e4 e5 2. Nf3 Nc6 3. Bb5 a6 4. Ba4 Nf6 5. 0-0 b5 6. Bb3 Be7 7. Re1 d6 8. c3 0-0 9. h3 Na5 10. Bc2 c5 11. d4 Qc7 12. d5 Bd7 13. Nbd2 Rfc8 14. b3 c4 15. b4 Nb7 16. Bb2 Bf8 17. Nf1 g6 18. Ng3 Bg7 19. a3 h6 20. Bc1 a5 21. Be3 axb4 22. axb4 Qd8 23. Qd2 Rxa1 24. Rxa1 Ra8 25. Rxa8 Qxa8 26. Kh2 Kh7 27. Ne1 g5 28. Qe2 g4 29. f4 Qa1 30. Bd2 Kg8 31. Qf2 exf4 32. Qxf4 gxh3 33. Nf5 Bxf5 34. Qxf5 Qa8 35. gxh3 Qe8 36. Nf3 Nd7 37. Qg4 Ne5 38. Nxe5 Qxe5+ 39. Kg2 Qf6 40. Bd1 1/2-1/2

[Event "Ostrava Konik op-B"]
[Site "Ostrava"]
[Date "2012.05.02"]
[Round "5"]
[White "Blecha, Josef"]
[Black "Chrostek, Lukas"]
[Result "1/2-1/2"]
[WhiteElo "1929"]
[BlackElo "1744"]
[PlyCount "107"]
[EventDate "2012.04.28"]
[EventType "swiss"]
[EventRounds "9"]
[EventCountry "CZE"]
[SourceTitle "CBM 148 Extra"]
[Source "ChessBase"]
[SourceDate "2012.06.22"]
[SourceVersion "1"]
[SourceVersionDate "2012.06.22"]
[SourceQuality "1"]

1. e4 e5 2. Nf3 Nc6 3. Bb5 a6 4. Ba4 Nf6 5. 0-0 d6 6. d4 b5 7. Bb3 Bg4 8. c3 exd4 9. cxd4 Bxf3 10. gxf3 Be7 11. Nc3 Qd7 12. Kh1 0-0 13. Rg1 Rfe8 14. Be3 Bf8 15. Bg5 Be7 16. Qd2 Na5 17. Bxf6 Bxf6 18. Nd5 Bd8 19. Qxa5 c6 20. Qd2 cxd5 21. Bxd5 Ra7 22. Qh6 g6 23. Rg3 Kh8 24. Rag1 Rg8 25. Qf4 Qe7 26. Rc1 Qf6 27. Qe3 Bb6 28. Rd1 Rc7 29. Bb3 Rgc8 30. Rg4 Kg8 31. f4 Re7 32. e5 dxe5 33. fxe5 Qc6+ 34. Kg1 Rd8 35. Qh6 Kh8 36. Rh4 f6 37. d5 Qc5 38. Qf4 fxe5 39. Qf6+ Rg7 40. Qf3 Rf8 41. Qg3 Qxf2+ 42. Kh1 Qxb2 43. Re4 Bd4 44. d6 Rd7 45. Rexd4 exd4 46. Qe5+ Rg7 47. d7 Qf2 48. Bd5 Qh4 49. Bc6 Qe7 50. Qxd4 Rd8 51. Qc3 b4 52. Qa1 Qe6 53. Ba4 Qe4+ 54. Kg1 1/2-1/2

[Event "Ostrava Konik op-B"]
[Site "Ostrava"]
[Date "2011.05.01"]
[Round "2"]
[White "Chrostek, Lukas"]
[Black "Hlubina, Pavel"]
[Result "0-1"]
[WhiteElo "1742"]
[BlackElo "1943"]
[PlyCount "74"]
[EventDate "2011.04.30"]
[EventType "swiss"]
[EventRounds "9"]
[EventCountry "CZE"]
[SourceTitle "CBM 142 Extra"]
[Source "ChessBase"]
[SourceDate "2011.06.27"]
[SourceVersion "1"]
[SourceVersionDate "2011.06.27"]
[SourceQuality "1"]

1. e4 c5 2. Nc3 Nc6 3. f4 e6 4. Nf3 d5 5. d3 g6 6. g3 Bg7 7. Bg2 Nge7 8. 0-0 0-0 9. Qe1 dxe4 10. dxe4 b6 11. e5 Ba6 12. Rf2 Nf5 13. Ne4 h5 14. c3 Qc7 15. Nfg5 Rad8 16. h3 Bb7 17. Rd2 Rxd2 18. Bxd2 Rd8 19. Be3 Nce7 20. Bf2 c4 21. Qe2 Nd5 22. Qf3 Bf8 23. g4 hxg4 24. hxg4 Nh6 25. Bh4 Rd7 26. Kh2 Bg7 27. Rh1 Nxf4 28. Bg3 Bxe5 29. Kg1 Nxg2 30. Bxe5 Qxe5 31. Rxh6 Nf4 32. Kf2 Rd2+ 33. Nxd2 Bxf3 34. Ndxf3 Qe2+ 35. Kg3 e5 36. Rh2 Qe3 37. Kh4 e4 0-1